Sports Quiz

Random Sports or Clickable Quiz
Score 0/27 Timer 05:00
0 Plays Today
% Correct
Спартак
49.4%
Спартак
49.2%
Спартак
49.1%
Спартак
49.1%
Спартак
48.8%
Спартак
48.1%
Зенит
41.9%
Зенит
41.6%
Зенит
41%
Зенит
40.9%
Зенит
40.5%
Зенит
40.3%
Зенит
39.5%
ЦСКА
35.6%
% Correct
ЦСКА
35.6%
ЦСКА
35.5%
ЦСКА
35.2%
ЦСКА
35.2%
ЦСКА
34.7%
Рубин
32.5%
Рубин
32.3%
Спартак-Алания
26.1%
Локомотив
25.3%
Локомотив
24.3%
Алания
17.2%
Крылья Советов
7.4%
Торпедо
6.5%
Remove Ads.
Support Sporcle.
Get the best of Sporcle when you Go Orange. This ad-free experience offers more features, more stats, and more fun while also helping to support Sporcle. Thank you for becoming a member.

You're not logged in!

Compare scores with friends on all Sporcle quizzes.
OR
Log In

Show Comments

Extras

Created Nov 23, 2020ReportNominate
Tags:Clickable Quiz, 1993

Top Quizzes Today


Score Distribution

Your Account Isn't Verified!

In order to create a playlist on Sporcle, you need to verify the email address you used during registration. Go to your Sporcle Settings to finish the process.

Report this User

Report this user for behavior that violates our Community Guidelines.

Details: